Introduction to the constitution of india (Record no. 173798)

000 -LEADER
fixed length control field 00391nam a2200145Ia 4500
008 - FIXED-LENGTH DATA ELEMENTS--GENERAL INFORMATION
fixed length control field 220217s9999||||xx |||||||||||||| ||und||
020 ## - INTERNATIONAL STANDARD BOOK NUMBER
International Standard Book Number 81-259-1375-0
082 ## - DEWEY DECIMAL CLASSIFICATION NUMBER
Classification number 342.954 PYL
100 ## - MAIN ENTRY--PERSONAL NAME
Personal name Pylee, M.V
245 #0 - TITLE STATEMENT
Title Introduction to the constitution of india
250 ## - EDITION STATEMENT
Edition statement 4th
260 ## - PUBLICATION, DISTRIBUTION, ETC.
Place of publication, distribution, etc. Vikas publishing house
Name of publisher, distributor, etc. Bangalore
Date of publication, distribution, etc. 2005
300 ## - PHYSICAL DESCRIPTION
Other physical details 145
650 ## - SUBJECT ADDED ENTRY--TOPICAL TERM
Topical term or geographic name entry element POLOTICAL SCIENCE
Holdings
Withdrawn status Lost status Damaged status Not for loan Collection code Home library Current library Date acquired Total Checkouts Total Renewals Full call number Barcode Date last seen Date last checked out Price effective from Koha item type
        Humanity Science Central Library Central Library 02/18/2022 1 1 342.954 PYL 8987 01/31/2023 12/29/2022 02/18/2022 Books

Powered by Koha